| 000 | 01559cam a22003974a 4500 | ||
|---|---|---|---|
| 999 |
_c2400 _d2400 |
||
| 001 | 14320706 | ||
| 003 | GZU | ||
| 005 | 20201029111541.0 | ||
| 008 | 060329s2006 nyu b 001 0 eng | ||
| 010 |
_a 2006045144 _z 2006048450 |
||
| 020 | _a1586483595 | ||
| 020 | _a9781586483593 | ||
| 035 | _a(OCoLC)ocm65521625 | ||
| 040 |
_aDLC _cDLC _dBAKER _dC#P _dDLC |
||
| 042 | _apcc | ||
| 043 | _an-us--- | ||
| 050 | 0 | 0 |
_aHN 6550 _bSOR 2006 |
| 082 | 0 | 0 |
_a973.931 _222 |
| 100 | 1 | _aSoros, George. | |
| 245 | 1 | 4 |
_aThe age of fallibility : _bthe consequences of the war on terror / _cGeorge Soros. |
| 250 | _a1st ed. | ||
| 260 |
_aNew York : _bPublic Affairs, _cc2006. |
||
| 300 |
_axxv, 259 p. ; _c21 cm. |
||
| 504 | _aIncludes bibliographical references and index. | ||
| 650 | 0 | _aWar on Terrorism, 2001-2009. | |
| 650 | 0 | _aNational characteristics, American. | |
| 650 | 0 |
_aCivilization, Modern _y21st century. |
|
| 651 | 0 |
_aUnited States _xSocial conditions _y21st century. |
|
| 651 | 0 |
_aUnited States _xPolitics and government _y21st century. |
|
| 651 | 0 |
_aUnited States _xForeign relations _y2001- |
|
| 856 | 4 | 2 |
_3Contributor biographical information _uhttp://www.loc.gov/catdir/enhancements/fy0828/2006045144-b.html |
| 856 | 4 | 2 |
_3Publisher description _uhttp://www.loc.gov/catdir/enhancements/fy0828/2006045144-d.html |
| 906 |
_a7 _bcbc _corignew _d1 _eocip _f20 _gy-gencatlg |
||
| 942 |
_2lcc _cBK _h6550 _iSOR _kHN |
||